College Football Rivalries - Who's Won More? - Statistics

General Stats
  • This quiz has been taken 348 times
  • The average score is 11 of 15
Answer Stats
Question Answer % Correct
Clean, Old-Fashioned Hate (67-41-5) Georgia
100%
Iron Bowl (46-36-1) Alabama
99%
Civil War (65-47-10) Oregon
99%
Third Saturday in October (57-37-8) Alabama
97%
The Deep South's Oldest Rivalry (59-56-8) Georgia
93%
Egg Bowl (62-47-6) Ole Miss
93%
Jewelled Shillelagh (46-36-5) Notre Dame
78%
The Game (58-50-6) Michigan
66%
The World's Largest Outdoor Cocktail Party (51 or 52-43-2) Georgia
64%
Red River Showdown (62-47-5) Texas
62%
The Big Game (64-46-11) Stanford
58%
Backyard Brawl (61-40-3) Pittsburgh
57%
Holy War (61-34-4) Utah
48%
Army-Navy Game (60-52-7) Navy
43%
Floyd of Rosedale (62-48-2) Minnesota
25%
No matching quizzes found
Score Distribution
Percent of People with Each Score
Percentile by Number Answered
Your Score History
You have not taken this quiz